| 000 | nam a22 a 4500 | ||
|---|---|---|---|
| 999 |
_c1859 _d1859 |
||
| 003 | AKMAL | ||
| 005 | 20170512104156.0 | ||
| 008 | 170512s1988 my a00 may d | ||
| 020 | _a9836203419 | ||
| 040 | _aAKMAL | ||
| 082 | 0 | 4 | _a342.595 MAK |
| 090 |
_a342.595 _bMAK |
||
| 245 |
_aMakalah undang-undang menghormati Ahmad Ibrahim / _cFakulti Undang-Undang, Universiti Malaya |
||
| 260 |
_aKuala Lumpur : _bDewan Bahasa dan Pustaka, _c1988 |
||
| 300 |
_axxix, 263ms. : _bgf. ; _c22cm |
||
| 650 |
_aLaw _xAddresses, essays, lectures _zMalaysia _93856 |
||
| 650 |
_aIslamic law _zMalaysia _92005 |
||
| 942 |
_2ddc _cBOOK |
||